• 首页
  • 本馆介绍
  • 公告通知
  • 最新文献
  • 馆藏检索
  • 电子资源
  • 读者导购
  • 参考咨询
  • 我的图书馆
  • 登录
  • 详细信息显示
  • 放入我的书架
  • 预约/预借图书
  • 作者相关作品
  • 分类相关作品
  • 丛书相关作品
  • 出版社相关作品

书目信息

  • 表格格式
  • 工作单格式
  • 卡片格式
题名:
古史新探
    
 
作者: 杨宽 著
分册:  
出版信息: 上海   上海人民出版社  2016
页数: 375页
开本: 21cm
丛书名: 杨宽著作集
单 册:
中图分类: K220.7
科图分类:
主题词: 中国历史--zhong guo li shi--古代史--研究
电子资源:
ISBN: 978-7-208-13868-1
000 00895nam0 22002531 450
001 1731222978
005 20170602161154.0
010    @a978-7-208-13868-1@b精装@dCNY58.00
100    @a20160907d2016 em y0chiy50 ea
101 0  @achi
102    @aCN@b310000
105    @aa z 000yy
106    @ar
200 1  @a古史新探@Agu shi xin tan@f杨宽著
210    @a上海@c上海人民出版社@d2016
215    @a375页@c图@d21cm
225 2  @a杨宽著作集@Ayang kuan zhu zuo ji
330    @a本书收录《论西周时代的农业生产》;《关于西周农业生产工具和生产技术的讨论》《论中国古史分期问题讨论中的三种不同主张——兼论中国奴隶制社会的特点》《论西周时代的奴隶制生产关系》等文章。
461  0 @12001 @a杨宽著作集
606 0  @a中国历史@Azhong guo li shi@x古代史@x研究
690    @aK220.7@v5
701  0 @a杨宽@Ayang kuan@f(1914~2005)@4著
801  0 @aCN@bTANG WEI@c20170527
905    @b0970203-7@dK220.7@e108@f5
    
    古史新探/杨宽著.-上海:上海人民出版社,2016
    375页:图;21cm.-(杨宽著作集)
    
    
    ISBN 978-7-208-13868-1(精装):CNY58.00
    本书收录《论西周时代的农业生产》;《关于西周农业生产工具和生产技术的讨论》《论中国古史分期问题讨论中的三种不同主张——兼论中国奴隶制社会的特点》《论西周时代的奴隶制生产关系》等文章。
●
相关链接 在E读中查询图书 在五车中查询图书 在当当中查询图书 在豆瓣中查询图书


正题名:古史新探     索取号:K220.7/108         预约/预借

序号 登录号 条形码 馆藏地/架位号 状态 备注
1 0970203   209702035   第二样本阅览室/ [索取号:K220.7/108] 在馆    
2 0970204   209702044   第二借阅区/ [索取号:K220.7/108] 在馆    
3 0970205   209702053   第二借阅区/ [索取号:K220.7/108] 在馆    
4 0970206   209702062   第二借阅区/ [索取号:K220.7/108] 在馆    
5 0970207   209702071   密集书库-史法系/ [索取号:K220.7/108] 在馆    
唐山师范学院图书馆 欢迎您!
大连网信软件有限公司© 版权所有